Общество в информационной парадигме (Запись № 10152936)
[ простой вид ]
| 000 -МАРКЕР | |
|---|---|
| контрольное поле | 02567nam0a2200421 4500 |
| 001 - ИДЕНТИФИКАТОР ЗАПИСИ | |
| контрольное поле | RU\NLR\BIBL_A\010799578 |
| 005 - ИДЕНТИФИКАТОР ВЕРСИИ | |
| контрольное поле | 20260408192501.0 |
| 010 ## - МЕЖДУНАРОДНЫЙ СТАНДАРТНЫЙ НОМЕР КНИГИ (ISBN) | |
| Номер (ISBN) | 978-5-91434-026-8 |
| Тираж | 100 |
| 021 ## - НОМЕР ГОСУДАРСТВЕННОЙ РЕГИСТРАЦИИ | |
| Код страны | Российская Федерация |
| Номер | 2015-40341 |
| Номер Листа государственной регистраци | 2401 |
| 035 ## - ДРУГИЕ СИСТЕМНЫЕ НОМЕРА | |
| Идентификатор записи | (NLR Aleph) 010799578 |
| 035 ## - ДРУГИЕ СИСТЕМНЫЕ НОМЕРА | |
| Идентификатор записи | (NILC)RuMoRGB-007943901 |
| 100 ## - ДАННЫЕ ОБЩЕЙ ОБРАБОТКИ | |
| Данные общей обработки | 20150716d2015 k y0rusy50 ca |
| 101 0# - ЯЗЫК РЕСУРСА | |
| Язык текста, звукозаписи и т.д. | русский |
| Язык резюме | английский |
| Язык оглавления | английский |
| 102 ## - СТРАНА ПУБЛИКАЦИИ ИЛИ ПРОИЗВОДСТВА | |
| Страна публикации | Российская Федерация |
| 105 ## - ПОЛЕ КОДИРОВАННЫХ ДАННЫХ: ТЕКСТОВЫЕ МАТЕРИАЛЫ, МОНОГРАФИЧЕСКИЕ | |
| Кодированные данные о монографическом текстовом документе | ac||z|||000yy |
| 200 1# - ЗАГЛАВИЕ И СВЕДЕНИЯ ОБ ОТВЕТСТВЕННОСТИ | |
| Основное заглавие | Общество в информационной парадигме |
| Сведения, относящиеся к заглавию | теория и исследовательские практики |
| Первые сведения об ответственности | [В.З. Коган, д.филос.н., С.П. Габуда, д.ф.-м.н., проф., О.А. Донских, д.филос.н., проф. и др. |
| Последующие сведения об ответственности | под науч. ред. Л. А. Осьмук, д.социол.н., проф. и др.] |
| -- | Федеральное агентство связи, Сибирский гос. ун-т телекоммуникаций и информатики, Ин-т социальных систем и технологий |
| 210 ## - ПУБЛИКАЦИЯ, РАСПРОСТРАНЕНИЕ И ДР. | |
| Место издания, распространения и т.д. | Новосибирск |
| Имя издателя, распространителя и т. д. | SOCIO-PRO |
| -- | СибГУТИ |
| Дата издания, распространения и т.д. | 2015 |
| 215 ## - ФИЗИЧЕСКАЯ ХАРАКТЕРИСТИКА | |
| Специфическое обозначение материала и объем | 525 с. |
| Другие сведения о физической характеристике | ил., портр., табл. |
| Размеры | 25 |
| 300 ## - ОБЩИЕ ПРИМЕЧАНИЯ | |
| Текст примечания | Авт. указаны на 5-й с. текста |
| 300 ## - ОБЩИЕ ПРИМЕЧАНИЯ | |
| Текст примечания | Рез. на англ. яз. |
| 320 ## - ПРИМЕЧАНИЯ О НАЛИЧИИ В ДОКУМЕНТЕ БИБЛИОГРАФИИ / УКАЗАТЕЛЯ | |
| Текст примечания | Библиогр.: с. 460-478 (377 назв.) |
| 606 1# - НАИМЕНОВАНИЕ ТЕМЫ КАК ПРЕДМЕТ | |
| Наименование темы | Общество |
| Тематический подзаголовок | Информатизация |
| -- | Социологические исследования |
| Системный номер авторитетной/нормативной записи | 2393389 |
| Идентификатор авторитетной/нормативной записи | RU\NLR\AUTH\661427129 |
| 606 ## - НАИМЕНОВАНИЕ ТЕМЫ КАК ПРЕДМЕТ | |
| Наименование темы | Информология (филос.) |
| Идентификатор авторитетной/нормативной записи | RU\NLR\AUTH\661301427 |
| Системный номер авторитетной/нормативной записи | 2162673 |
| 686 1# - ИНДЕКСЫ ДРУГИХ КЛАССИФИКАЦИЙ | |
| Индекс | Ю223.23 |
| 686 1# - ИНДЕКСЫ ДРУГИХ КЛАССИФИКАЦИЙ | |
| Индекс | С508.0 |
| 686 1# - ИНДЕКСЫ ДРУГИХ КЛАССИФИКАЦИЙ | |
| Индекс | С550.57 |
| 701 #1 - ИМЯ ЛИЦА - АЛЬТЕРНАТИВНАЯ ОТВЕТСТВЕННОСТЬ | |
| Начальный элемент ввода | Коган |
| Часть имени, кроме начального элемента ввода | В. З. |
| Дополнения к именам, кроме дат | д-р филос. наук |
| Даты | 1930-2008 |
| Расширение инициалов личного имени | Владимир Зиновьевич |
| Системный номер авторитетной/нормативной записи | 147184 |
| Идентификатор авторитетной/нормативной записи | RU\NLR\AUTH\770147220 |
| 701 #1 - ИМЯ ЛИЦА - АЛЬТЕРНАТИВНАЯ ОТВЕТСТВЕННОСТЬ | |
| Начальный элемент ввода | Габуда |
| Часть имени, кроме начального элемента ввода | С. П. |
| Расширение инициалов личного имени | Святослав Петрович |
| 701 #1 - ИМЯ ЛИЦА - АЛЬТЕРНАТИВНАЯ ОТВЕТСТВЕННОСТЬ | |
| Материалы, к которым относится поле | rus |
| Графика поля | Кириллица |
| Начальный элемент ввода | Донских |
| Часть имени, кроме начального элемента ввода | О. А. |
| Расширение инициалов личного имени | Олег Альбертович |
| Идентификатор авторитетной/нормативной записи | RU\NLR\AUTH\7754155 |
| Системный номер авторитетной/нормативной записи | 37087 |
| 702 #1 - ИМЯ ЛИЦА - ВТОРИЧНАЯ ОТВЕТСТВЕННОСТЬ | |
| Код отношения | Автор |
| Материалы, к которым относится поле | rus |
| Графика поля | Кириллица |
| Начальный элемент ввода | Осьмук |
| Часть имени, кроме начального элемента ввода | Л. А. |
| Даты | 1962- |
| Расширение инициалов личного имени | Людмила Алексеевна |
| Идентификатор авторитетной/нормативной записи | RU\NLR\AUTH\7737682 |
| Системный номер авторитетной/нормативной записи | 20670 |
| 712 02 - НАИМЕНОВАНИЕ ОРГАНИЗАЦИИ - ВТОРИЧНАЯ ОТВЕТСТВЕННОСТЬ | |
| Код отношения | Прочие |
| Начальный элемент ввода | Сибирский государственный университет телекоммуникаций и информатики |
| Идентифицирующий признак | Новосибирск |
| Структурное подразделение | Институт социальных систем и технологий |
| Идентификатор авторитетной/нормативной записи | RU\NLR\AUTH\880404552 |
| Системный номер авторитетной/нормативной записи | 476091 |
| 801 #0 - ИСТОЧНИК ЗАПИСИ | |
| Страна | Российская Федерация |
| Организация | РГБ |
| Дата составления | 20150602 |
| Правила каталогизации | RCR |
| 942 ## - ДОПОЛНИТЕЛЬНЫЕ ЭЛЕМЕНТЫ ЗАПИСИ (АБИС) | |
| Тип экземпляра АБИС | Книга |
| 980 ## - КОЛЛЕКЦИЯ | |
| Название коллекции | НБР |
| 980 ## - КОЛЛЕКЦИЯ | |
| Название коллекции | Национальная библиография |
Нет доступных экземпляров.